Was gehört zu welchen Land 6: Slawische Länder - Statistiken

Allgemein
  • Dieses Quiz wurde 114 mal gespielt
  • Das Durchschnittsergebnis liegt bei 85 aus 100
Antwortstatistiken
Frage Kachel Select % Korrekt
Russland? Pommern Nein
99%
Russland? Ćevapčići Nein
98%
Russland? Prag Nein
98%
Russland? Split Nein
98%
Russland? Zagreb Nein
98%
Russland? Kiew Nein
97%
Russland? Dubrovnik Nein
96%
Russland? Łódź Nein
96%
Russland? Posnan Nein
96%
Russland? Andrej Babiš Nein
94%
Polen? Krimtataren Nein
94%
Polen? Zagreb Nein
94%
Russland? Andrzej Duda Nein
93%
Polen? Ćevapčići Nein
93%
Polen? Klitschko Nein
93%
Russland? Ostrava Nein
93%
Polen? Prag Nein
93%
Polen? Volgograd Nein
93%
der Ukraine? Ćevapčići Nein
92%
Polen? Dubrovnik Nein
92%
Polen? Kiew Nein
92%
Russland? Kulajda Nein
92%
der Ukraine? Prag Nein
92%
Polen? Split Nein
92%
der Ukraine? Split Nein
92%
Russland? Tschornobyl Nein
92%
Polen? Tschornobyl Nein
92%
Polen? Vladivostok Nein
92%
der Ukraine? Zagreb Nein
92%
der Ukraine? Łódź Nein
91%
der Ukraine? Pommern Nein
91%
der Ukraine? Volgograd Nein
91%
der Ukraine? Andrzej Duda Nein
90%
der Ukraine? Dubrovnik Nein
90%
Kroatien? Kiew Nein
90%
Kroatien? Klitschko Nein
90%
Kroatien? Łódź Nein
90%
der Ukraine? Matryoshka Nein
90%
Kroatien? Matryoshka Nein
90%
Kroatien? Pommern Nein
90%
der Ukraine? Posnan Nein
90%
Kroatien? Prag Nein
90%
Kroatien? Tschornobyl Nein
90%
der Ukraine? Basilius Kathedrale Nein
89%
Tschechien? Kiew Nein
89%
Tschechien? Klitschko Nein
89%
Kroatien? Krimtataren Nein
89%
Polen? Ostrava Nein
89%
Tschechien? Tschornobyl Nein
89%
der Ukraine? Vladivostok Nein
89%
Kroatien? Vladivostok Nein
89%
Tschechien? Vladivostok Nein
89%
Kroatien? Volgograd Nein
89%
Tschechien? Zagreb Nein
89%
der Ukraine? Andrej Babiš Nein
88%
Kroatien? Andrzej Duda Nein
88%
Polen? Matryoshka Nein
88%
Tschechien? Volgograd Nein
88%
Tschechien? Łódź Nein
87%
Kroatien? Posnan Nein
87%
Polen? Basilius Kathedrale Nein
86%
Tschechien? Dubrovnik Nein
86%
Russland? Klitschko Nein
86%
Tschechien? Matryoshka Nein
86%
Kroatien? Basilius Kathedrale Nein
85%
Tschechien? Ćevapčići Nein
85%
Tschechien? Krimtataren Nein
85%
der Ukraine? Ostrava Nein
85%
Kroatien? Ostrava Nein
85%
Tschechien? Split Nein
85%
Polen? Andrej Babiš Nein
84%
Tschechien? Basilius Kathedrale Nein
84%
Polen? Łódź Ja
84%
der Ukraine? Kiew Ja
83%
Polen? Kulajda Nein
83%
Russland? Vladivostok Ja
83%
Tschechien? Prag Ja
82%
Tschechien? Posnan Nein
81%
der Ukraine? Kulajda Nein
80%
Kroatien? Kulajda Nein
80%
Russland? Volgograd Ja
80%
Tschechien? Pommern Nein
79%
Kroatien? Andrej Babiš Nein
78%
Kroatien? Zagreb Ja
78%
der Ukraine? Tschornobyl Ja
77%
Russland? Matryoshka Ja
74%
Kroatien? Split Ja
74%
Russland? Krimtataren Nein
73%
Tschechien? Andrzej Duda Nein
71%
der Ukraine? Klitschko Ja
71%
Kroatien? Ćevapčići Ja
68%
Kroatien? Dubrovnik Ja
68%
Polen? Posnan Ja
68%
Polen? Pommern Ja
65%
Russland? Basilius Kathedrale Ja
60%
Polen? Andrzej Duda Ja
54%
Tschechien? Ostrava Ja
53%
der Ukraine? Krimtataren Ja
47%
Tschechien? Andrej Babiš Ja
46%
Tschechien? Kulajda Ja
26%
Keine übereinstimmenden Quizze gefunden
Verteilung der Resultate
Anzahl Personen mit jedem Resultat
Perzentil nach korrekt beantworteten Fragen
Ihre Resultats-Entwicklung
Sie haben dieses Quiz noch nicht gespielt